000 00676nam a2200229Ia 4500
003 IN-BaIIA
008 211028s9999 xx 000 0 eng d
020 _a978-1-107-01014-7
040 _cIIA Library
080 _a524.354.4
_bLYN
100 _aLyne, Andrew
_935040
245 0 _aPulsar astronomy
_cAndrew Lyne and F. Graham-Smith
250 _a4th ed.
260 _aCambridge
_bCambridge University Press
_c2012
300 _axxvii, 345p.
490 _aCambridge astrophysics series; v. 48
650 _aNeutran stars
_921931
650 _aPulsar astronomy
_921932
650 _aTelescope- techniques
_921933
700 _aGraham-Smith, Francis
_935041
942 _cBK
999 _c18307
_d18307